000 01152pam a2200313 a 4500
001 503
005 20230510132757.0
008 040414s2004 nyua c 000 1 eng
020 _a0448435306 (pbk.)
040 _aDLC
_cDLC
_dIG#
_dDLC
_beng
050 0 0 _aPZ7.M47879
_bGh 2004
082 0 0 _a813.6
_222
100 1 _aMcMullan, Kate.
245 1 4 _aThe ghost of Sir Herbert Dungeonstone /
_cby Kate McMullan ; illustrated by Bill Basso.
260 _aNew York :
_bGrosset & Dunlap,
_c2004.
300 _a109 pages :
_billustrations ;
_c20 cm.
490 1 _aDragon Slayers' Academy ;
_v12
505 _aM
520 _aWhile Headmaster Mordred is trying to impress a new student, who he believes to be the first female at Dragon Slayers' Academy, the ghost of one of the school's founders besieges the halls seeking his stolen gold.
521 _a630
_bLexile
521 _aM
_bRaz-Plus
650 1 _aGhosts
_vFiction.
650 1 _aKnights and knighthood
_vFiction.
650 1 _aSex role
_vFiction.
650 1 _aSchools
_vFiction.
700 1 _aBasso, Bill,
_eill.
906 _a7
_bcbc
_corignew
_d1
_eecip
_f20
_gy-gencatlg
942 _2ddc
_cBK
_n0
999 _c503
_d503